Viage de España en que se da noticia de las cosas mas apreciables y dignas de saberse que hay en ella / (Record no. 162430)

MARC details
000 -LEADER
campo de control de longitud fija 01230nam a2200229 i 4500
001 - NÚMERO DE CONTROL
campo de control 162430
003 - IDENTIFICADOR DE NÚMERO DE CONTROL
campo de control ES-MaACL
005 - FECHA Y HORA DE LA ÚLTIMA TRANSACCIÓN
campo de control 20250811063158.0
008 - DATOS DE LONGITUD FIJA--INFORMACIÓN GENERAL
campo de control de longitud fija 931025s1784 sp |||| | spa d
040 ## - FUENTE DE CATALOGACIÓN
Centro catalogador/agencia de origen CAM
Lengua de catalogación spa
Centro/agencia transcriptor PAB
100 1# - ENTRADA PRINCIPAL--NOMBRE DE PERSONA
Nombre de persona Ponz, Antonio,
Fechas asociadas al nombre 1725-1792
9 (RLIN) 93069
245 10 - MENCIÓN DEL TÍTULO
Título Viage de España en que se da noticia de las cosas mas apreciables y dignas de saberse que hay en ella /
Mención de responsabilidad, etc. su autor D. Antonio Ponz ... ; tomo octavo.
250 ## - MENCION DE EDICION
Mención de edición Segunda edición.
260 ## - PUBLICACIÓN, DISTRIBUCIÓN, ETC.
Lugar de publicación, distribución, etc. Madrid :
Nombre del editor, distribuidor, etc. por D. Joachin Ibarra ... se hallará ... en su imprenta,
Fecha de publicación, distribución, etc. 1784.
300 ## - DESCRIPCIÓN FÍSICA
Extensión [2], XX, 249 p., [7] h. de grab. ;
Dimensiones 8º.
596 ## - NOTA AL PIE DE IMPRENTA
NOTA AL PIE DE IMPRENTA Marca tip. en port.
597 ## - NOTA DE DESCRIPCIÓN FÍSICA
NOTA DE DESCRIPCIÓN FÍSICA Sign. : A-R8.
599 ## - NOTA A LAS ILUSTRACIONES
NOTA A LAS ILUSTRACIONES H. de grab. calc. (4 pleg.): "Ballester f.", alegórica, "Rod. Esc.", puente de Alcántara y Templo romano.
650 ## - PUNTO DE ACCESO ADICIONAL DE MATERIA--TÉRMINO DE MATERIA
Término de materia o nombre geográfico como elemento de entrada Extremadura-
Subdivisión general Descripción.
9 (RLIN) 223665
852 ## - LOCALIZACIÓN
Ubicación ES-MaACL
Número de control de estantería R-468-85
Nota libre -- Enc. piel, no original de la época
Encuadernación -- Edic.: este ejemp. tiene [1] h. de grab. calc.: "Arco de Trofeo en Cáparra", [1] h. de grab. calc. pleg.: "Puente de Mérica" y [1] h. de grab. calc. alegórica que es común a todos los tomos, con la leyenda "Multa renascentur"
-- Olim: F-12859-76
Holdings
Estatus retirado Estado de pérdida Estado de daño No para préstamo Colección Biblioteca de origen Biblioteca actual Ubicación en estantería Fecha de adquisición Total de préstamos Signatura topográfica completa Código de barras Visto por última vez Precio de reemplazo Tipo de ítem Koha
        Libros del s. XVIII Biblioteca del Ateneo de Madrid Biblioteca del Ateneo de Madrid Depósito 17/01/2008   R-468-85 1170167 23/02/2023 23/02/2023 Libro impreso antiguo